Valle negro / (Record no. 134268)
[ view plain ]
| 000 -LEADER | |
|---|---|
| campo de control de longitud fija | 00437nam a2200157 i 4500 |
| 001 - NÚMERO DE CONTROL | |
| campo de control | 134268 |
| 003 - IDENTIFICADOR DE NÚMERO DE CONTROL | |
| campo de control | ES-MaACL |
| 005 - FECHA Y HORA DE LA ÚLTIMA TRANSACCIÓN | |
| campo de control | 20230906194633.0 |
| 007 - CAMPO FIJO DE DESCRIPCIÓN FÍSICA--INFORMACIÓN GENERAL | |
| campo de control de longitud fija | t| |
| 008 - DATOS DE LONGITUD FIJA--INFORMACIÓN GENERAL | |
| campo de control de longitud fija | 070907q19001919ag ||||1| spa d |
| 100 1# - ENTRADA PRINCIPAL--NOMBRE DE PERSONA | |
| Nombre de persona | Wast, Hugo. |
| 9 (RLIN) | 116159 |
| 245 10 - MENCIÓN DEL TÍTULO | |
| Título | Valle negro / |
| Mención de responsabilidad, etc. | Hugo Wast [seud.]. |
| 260 ## - PUBLICACIÓN, DISTRIBUCIÓN, ETC. | |
| Lugar de publicación, distribución, etc. | Buenos Aires : |
| Nombre del editor, distribuidor, etc. | Agencia General de Librería y Publicaciones, |
| Fecha de publicación, distribución, etc. | [19-?] |
| 300 ## - DESCRIPCIÓN FÍSICA | |
| Extensión | 317 p. ; |
| Dimensiones | 19 cm. |
| 852 ## - LOCALIZACIÓN | |
| Ubicación | ES-MaACL |
| Número de control de estantería | F-10309 |
| Estatus retirado | Estado de pérdida | Estado de daño | No para préstamo | Colección | Biblioteca de origen | Biblioteca actual | Ubicación en estantería | Fecha de adquisición | Fuente de adquisición | Total de préstamos | Signatura topográfica completa | Código de barras | Visto por última vez | Precio de reemplazo | Tipo de ítem Koha |
|---|---|---|---|---|---|---|---|---|---|---|---|---|---|---|---|
| Libros del s. XIX | Biblioteca del Ateneo de Madrid | Biblioteca del Ateneo de Madrid | Sala Pecera Planta 2 | 17/01/2008 | F-10309 | 1139762 | 23/02/2023 | 23/02/2023 | Libro impreso antiguo |
